The art of Hindu dance (Record no. 77792)

MARC details
000 -LEADER
fixed length control field 00697cam a22002171 4500
001 - CONTROL NUMBER
control field sa 68001203
003 - CONTROL NUMBER IDENTIFIER
control field DLC
005 - DATE AND TIME OF LATEST TRANSACTION
control field 20260227112431.0
008 - FIXED-LENGTH DATA ELEMENTS--GENERAL INFORMATION
fixed length control field 710903s1945 ii ac 00010 eng
010 ## - LIBRARY OF CONGRESS CONTROL NUMBER
LC control number sa 68001203 //r94
040 ## - CATALOGING SOURCE
Original cataloging agency DLC
Transcribing agency DLC
Modifying agency DLC
043 ## - GEOGRAPHIC AREA CODE
Geographic area code a-ii---
050 00 - LIBRARY OF CONGRESS CALL NUMBER
Classification number GV1693
Item number .B5
100 10 - MAIN ENTRY--PERSONAL NAME
Personal name Bhadhury, Manjulika.
245 14 - TITLE STATEMENT
Title The art of Hindu dance
Statement of responsibility, etc. [by] Manjulika Bhadhury [and] Santosh Chatterjee.
250 ## - EDITION STATEMENT
Edition statement [1st ed.]
260 0# - PUBLICATION, DISTRIBUTION, ETC.
Place of publication, distribution, etc. Calcutta
Name of publisher, distributor, etc. [S. K. Chatterjee]; sole distributor: Bankim Chandra Chatterjee
Date of publication, distribution, etc. [1945]
300 ## - PHYSICAL DESCRIPTION
Extent 275, iii p.
Other physical details illus., ports. (part col.)
Dimensions 19 cm.
650 #0 - SUBJECT ADDED ENTRY--TOPICAL TERM
Topical term or geographic name entry element Dance
Geographic subdivision India.
700 10 - ADDED ENTRY--PERSONAL NAME
Personal name Chatterjee, Santosh Kumar,
Relator term joint author.

No items available.

Powered by Koha